Provinces of Fascist Italy in 1942 on a Map - Statistics

General Stats
  • This quiz has been taken 151 times
  • The average score is 55 of 102
Answers on the Map
Answers color-coded by a green-red scale on the quiz's map according to % correct below.
 
Answer Stats
Answer % Correct
Roma
95%
Milano
94%
Napoli
90%
Venezia
90%
Firenze
87%
Genova
87%
Torino
86%
Palermo
85%
Tripoli
84%
Trieste
82%
Pisa
80%
Cagliari
79%
Bari
77%
Messina
77%
Verona
77%
Aosta
76%
Bologna
76%
Catania
75%
Parma
74%
Modena
73%
Siracusa
72%
Trento
72%
Lucca
69%
Bengasi
68%
Bergamo
68%
Siena
68%
Udine
67%
Como
66%
Reggio di Calabria
66%
Brescia
65%
Lecce
65%
Ragusa
64%
Ravenna
64%
Bolzano
62%
Mantova
62%
Ancona
61%
Padova
61%
Livorno
60%
Salerno
59%
Ferrara
58%
Sassari
58%
Brindisi
57%
L'Aquila
57%
Perugia
57%
Piacenza
56%
Reggio nell’Emilia
56%
Foggia
55%
La Spezia
55%
Pescara
55%
Spalato
55%
Vicenza
55%
Zara
54%
Alessandria
53%
Cremona
51%
Savona
50%
Benevento
49%
Catanzaro
49%
Imperia
49%
Novara
49%
Treviso
49%
Arezzo
47%
Matera
47%
Pavia
47%
Trapani
47%
Agrigento
46%
Cosenza
46%
Potenza
46%
Dodecaneso
45%
Gorizia
45%
Grosseto
45%
Pistoia
45%
Asti
43%
Belluno
43%
Enna
43%
Varese
43%
Forlì
42%
Caltanissetta
41%
Campobasso
41%
Cuneo
41%
Sondrio
40%
Terni
40%
Viterbo
40%
Avellino
38%
Lubiana
37%
Rovigo
37%
Vercelli
37%
Frosinone
36%
Pesaro
36%
Rieti
34%
Nuoro
33%
Chieti
32%
Macerata
32%
Pola
32%
Ascoli
31%
Cattaro
28%
Teramo
27%
Misurata
22%
Littoria
15%
Derna
11%
Apuania
8%
Carnaro
8%
Ionio
5%
No matching quizzes found
Score Distribution
Percent of People with Each Score
Percentile by Number Answered
Your Score History
You have not taken this quiz